| 000 | 01075cam a2200325 i 4500 | ||
|---|---|---|---|
| 999 |
_c200444478 _d62690 |
||
| 001 | 200444478 | ||
| 003 | TR-AnTOB | ||
| 005 | 20211021105921.0 | ||
| 007 | ta | ||
| 008 | 211021s2005 tu aur tu 01 | ||
| 022 | _a1301-210X | ||
| 040 |
_aETU _beng _erda _cTR-AnTOB |
||
| 041 | 0 | _atur | |
| 050 | 1 | 4 |
_aPL248.K57 _bH43 2005 |
| 090 |
_aPL248.K57 _bH43 2005 |
||
| 245 | 0 | 0 |
_aHece : _baylık edebiyat dergisi Necip Fazıl Kısakürek özel sayısı. |
| 246 | _aDüşünce, tarih ve bir coğrafya tasarımı olarak Büyük Doğu ve Necip Fazıl Kısakürek. | ||
| 264 | 1 |
_aAnkara : _bHece Yayıncılık, _c2006. |
|
| 300 |
_a884 pages : _bphotografphs ; _c24 cm |
||
| 336 |
_2rdacontent _atext _btxt |
||
| 337 |
_2rdamedia _aunmediated _bn |
||
| 338 |
_2rdacarrier _avolume _bnc |
||
| 500 | _aAylık edebiyat dergisi. | ||
| 500 | _aIncludes index. | ||
| 500 | _aYıl:9; Sayı:97 Özel sayı: 9 Ocak 2005 | ||
| 600 | 1 | 0 |
_aKısakürek, Necip Fâzıl, _d1904-1983 _945817 |
| 650 | 7 |
_925 _aEdebiyat _vSüreli yayınlar _2etuturkob |
|
| 942 |
_cBK _2lcc |
||